Els Diaris de la Rambla : memòries del periodista Lluís Aymamí i Baudina (1899-1979) / Francesc Burguet memòries del periodista Lluís Aymamí i Baudina (1899-1979) / Francesc Burguet
Descripción Física:
174 p. : il. ; 23'5 cm
Colección:
Vaixells de paper ; 22
MARC
| LEADER | 00000nam a2200000Ia 4500 | ||
|---|---|---|---|
| 001 | 11740 | ||
| 008 | 160829s1997 xx 000 0 cat d | ||
| 080 | |a O-1-44 | ||
| 100 | |a Burguet i Ardiaca, Francesc |9 30900 | ||
| 245 | |a Els Diaris de la Rambla : |b memòries del periodista Lluís Aymamí i Baudina (1899-1979) / Francesc Burguet | ||
| 260 | |a Barcelona : |b Diputació de Barcelona : |b Col·legi de Periodistes de Catalunya, |c 1997 | ||
| 300 | |a 174 p. : |b il. ; |c 23'5 cm | ||
| 490 | |a Vaixells de paper ; 22 | ||
| 650 | |a Aymamí Baudina, Lluís |9 31802 | ||
| 650 | |a Periodistes |x Catalunya |x Biografia |9 31803 | ||
| 710 | 2 | |a Col·legi de Periodistes de Catalunya |9 52967 | |
| 710 | 1 | |a Barcelona (Catalunya : Província). |b Diputació |9 52408 | |
| 901 | |a Arxiu | ||
| 942 | |n 1 | ||
| 952 | |0 0 |1 0 |4 0 |6 O144 |7 1 |9 45761 |a Arxiu |b Arxiu |d 2016-12-01 |l 0 |o O-1-44 |p 11740 |r 2016-12-01 00:00:00 |w 2016-12-01 |y ARXIU | ||
| 999 | |c 49261 |d 49261 | ||